Collected papers on environmental effects and their control in plant propagation and transplant production
Photoautotrophic shoot and root development for triploid melon. Control of microbial contamination for large scale photauototrophic micropropagation.
Spremljeno u:
| Glavni autor: | |
|---|---|
| Format: | Knjiga |
| Jezik: | Undetermined |
| Izdano: |
Chiba, Japan
Dept. of Bioproduction Science
2002
|
| Teme: | |
| Oznake: |
Dodaj oznaku
Bez oznaka, Budi prvi tko označuje ovaj zapis!
|
| Thư viện lưu trữ: | Trung tâm Học liệu Trường Đại học Cần Thơ |
|---|
| LEADER | 00917nam a2200205Ia 4500 | ||
|---|---|---|---|
| 001 | CTU_138732 | ||
| 008 | 210402s9999 xx 000 0 und d | ||
| 082 | |a 631.53 | ||
| 082 | |b K88/Vol.2 | ||
| 100 | |a Kozai, T. | ||
| 245 | 0 | |a Collected papers on environmental effects and their control in plant propagation and transplant production | |
| 245 | 0 | |c T. Kozai, C. Kubota, C. Chun; edited by Q. T. Nguyen | |
| 260 | |a Chiba, Japan | ||
| 260 | |b Dept. of Bioproduction Science | ||
| 260 | |c 2002 | ||
| 520 | |a Photoautotrophic shoot and root development for triploid melon. Control of microbial contamination for large scale photauototrophic micropropagation. | ||
| 650 | |a Plant propagation,Transplant production,Agriculture,Nhân giống cây trồng,Nhân giống cây trồng | ||
| 650 | |x environmental aspects | ||
| 904 | |i Bạch Trúc | ||
| 980 | |a Trung tâm Học liệu Trường Đại học Cần Thơ | ||